<?xml version="1.0" encoding="UTF-8"?>
<marc:record xmlns:marc="http://www.loc.gov/MARC21/slim">
   <marc:leader>00000nam a2200000 a 4500</marc:leader>
   <marc:datafield ind1="1" ind2=" " tag="100">
      <marc:subfield code="a">Beckerhoff, Florian</marc:subfield>
      <marc:subfield code="4">aut</marc:subfield>
      <marc:subfield code="e">Verfasser/-in</marc:subfield>
   </marc:datafield>
   <marc:datafield ind1="1" ind2=" " tag="100">
      <marc:subfield code="a">Meiller, Katrin</marc:subfield>
      <marc:subfield code="4">aut</marc:subfield>
      <marc:subfield code="e">Verfasser/-in</marc:subfield>
   </marc:datafield>
   <marc:datafield ind1=" " ind2=" " tag="653">
      <marc:subfield code="a">Ostern</marc:subfield>
   </marc:datafield>
   <marc:datafield ind1="0" ind2="0" tag="245">
      <marc:subfield code="a">Harri Häschen fliegt</marc:subfield>
   </marc:datafield>
   <marc:datafield ind1="0" ind2="0" tag="245">
      <marc:subfield code="c">Florian Beckerhoff ; Katrin Meiller</marc:subfield>
   </marc:datafield>
   <marc:datafield ind1=" " ind2="1" tag="264">
      <marc:subfield code="a">Hamburg</marc:subfield>
      <marc:subfield code="b">Carlsen</marc:subfield>
      <marc:subfield code="c">2025</marc:subfield>
   </marc:datafield>
   <marc:datafield ind1="1" ind2=" " tag="520">
      <marc:subfield code="a">Als durch einen Unfall im Hasenbau die bemalten Eier kaputt gehen, müssen schnell neue Ostereier von den Hühnern geholt werden. Eigentlich ist Harri Häschen dafür noch zu klein, finden seine Eltern. Doch das Hasenkind will endlich beweisen, was in ihm steckt! Also hoppelt Harri los. Leider stellt er schon bald fest, dass Hoppeln ganz schön langsam ist. Da kommt ihm die rettende Idee: Fliegen müsste man können! Wer ihm das wohl beibringen könnte? Zum Glück findet Harri eine geeignete Lehrerin. Leider geht bei den ersten Flugversuchen das ein oder andere Ei in die Brüche. Doch Harri ist ein schlaues Häschen und findet schnell eine Lösung.</marc:subfield>
   </marc:datafield>
   <marc:datafield ind1=" " ind2=" " tag="020">
      <marc:subfield code="a">9783551521989</marc:subfield>
      <marc:subfield code="9">9783551521989</marc:subfield>
   </marc:datafield>
   <marc:datafield ind1=" " ind2=" " tag="020">
      <marc:subfield code="a">3551521980</marc:subfield>
      <marc:subfield code="9">3551521980</marc:subfield>
   </marc:datafield>
   <marc:datafield ind1=" " ind2=" " tag="041">
      <marc:subfield code="a">ger</marc:subfield>
   </marc:datafield>
   <marc:datafield ind1=" " ind2=" " tag="300">
      <marc:subfield code="a">32 ungezählte Seiten : zahlr. Ill.</marc:subfield>
   </marc:datafield>
</marc:record>
